The theory and practice of group psychotherapy / (Record no. 22104)
[ view plain ]
| 000 -LEADER | |
|---|---|
| fixed length control field | 01736cam a2200385 i 4500 |
| 001 - CONTROL NUMBER | |
| control field | 21652017 |
| 003 - CONTROL NUMBER IDENTIFIER | |
| control field | OSt |
| 005 - DATE AND TIME OF LATEST TRANSACTION | |
| control field | 20251114085433.0 |
| 008 - FIXED-LENGTH DATA ELEMENTS--GENERAL INFORMATION | |
| fixed length control field | 200804t20202020nyu b 001 0 eng |
| 010 ## - LIBRARY OF CONGRESS CONTROL NUMBER | |
| LC control number | 2020035476 |
| 020 ## - INTERNATIONAL STANDARD BOOK NUMBER | |
| International Standard Book Number | 9781541617575 |
| Qualifying information | (hardcover) |
| 020 ## - INTERNATIONAL STANDARD BOOK NUMBER | |
| Canceled/invalid ISBN | 9781541617568 |
| Qualifying information | (epub) |
| 035 ## - SYSTEM CONTROL NUMBER | |
| System control number | 21652017 |
| 040 ## - CATALOGING SOURCE | |
| Original cataloging agency | DLC |
| Language of cataloging | eng |
| Description conventions | rda |
| Transcribing agency | AMIU |
| Modifying agency | DLC |
| 042 ## - AUTHENTICATION CODE | |
| Authentication code | pcc |
| 050 00 - LIBRARY OF CONGRESS CALL NUMBER | |
| Classification number | RC488 |
| Item number | .Y3 2020 |
| 082 00 - DEWEY DECIMAL CLASSIFICATION NUMBER | |
| Classification number | 616.89/152 |
| Edition number | 23 |
| 100 1# - MAIN ENTRY--PERSONAL NAME | |
| Personal name | Yalom, Irvin D., |
| Dates associated with a name | 1931- |
| Relator term | author. |
| 245 14 - TITLE STATEMENT | |
| Title | The theory and practice of group psychotherapy / |
| Statement of responsibility, etc. | Irvin D. Yalom and Molyn Leszcz. |
| 250 ## - EDITION STATEMENT | |
| Edition statement | Sixth edition. |
| 264 #1 - PRODUCTION, PUBLICATION, DISTRIBUTION, MANUFACTURE, AND COPYRIGHT NOTICE | |
| Place of production, publication, distribution, manufacture | New York : |
| Name of producer, publisher, distributor, manufacturer | Basic Books, |
| Date of production, publication, distribution, manufacture, or copyright notice | 2020. |
| 264 #4 - PRODUCTION, PUBLICATION, DISTRIBUTION, MANUFACTURE, AND COPYRIGHT NOTICE | |
| Date of production, publication, distribution, manufacture, or copyright notice | ©2020 |
| 300 ## - PHYSICAL DESCRIPTION | |
| Extent | x, 818 p. ; |
| Dimensions | 25 cm |
| 336 ## - CONTENT TYPE | |
| Content type term | text |
| Content type code | txt |
| Source | rdacontent |
| 337 ## - MEDIA TYPE | |
| Media type term | unmediated |
| Media type code | n |
| Source | rdamedia |
| 338 ## - CARRIER TYPE | |
| Carrier type term | volume |
| Carrier type code | nc |
| Source | rdacarrier |
| 504 ## - BIBLIOGRAPHY, ETC. NOTE | |
| Bibliography, etc. note | Includes bibliographical references and index. |
| 520 ## - SUMMARY, ETC. | |
| Summary, etc. | "In this completely revised and updated sixth edition, Dr. Yalom and his collaborator Dr. Molyn Leszcz draw on a decade of new research as well as their broad clinical wisdom and expertise. Each chapter is completely updated in accordance with the most recent developments in the field. There are new sections throughout, including discussions of mindfulness, CBT, modern analytic approaches, psychoeducational groups, group therapy for veterans, and group therapy for psychological trauma"-- |
| Assigning source | Provided by publisher. |
| 583 ## - ACTION NOTE | |
| Action | Catalography: |
| Time/date of action | 20251114 |
| Action agent | STAMIU-0199STAMIU-0199 |
| 650 #0 - SUBJECT ADDED ENTRY--TOPICAL TERM | |
| Topical term or geographic name entry element | Group psychotherapy. |
| 700 1# - ADDED ENTRY--PERSONAL NAME | |
| Personal name | Leszcz, Molyn, |
| Dates associated with a name | 1952- |
| Relator term | author. |
| 906 ## - LOCAL DATA ELEMENT F, LDF (RLIN) | |
| a | 7 |
| b | cbc |
| c | orignew |
| d | 1 |
| e | ecip |
| f | 20 |
| g | y-gencatlg |
| 942 ## - ADDED ENTRY ELEMENTS (KOHA) | |
| Source of classification or shelving scheme | Library of Congress Classification |
| Koha item type | Book |
| Suppress in OPAC | No |
| Withdrawn status | Lost status | Source of classification or shelving scheme | Damaged status | Not for loan | Collection | Home library | Current library | Shelving location | Date acquired | Source of acquisition | Total Checkouts | Full call number | Barcode | Date last seen | Price effective from | Koha item type |
|---|---|---|---|---|---|---|---|---|---|---|---|---|---|---|---|---|
| Library of Congress Classification | Non-fiction | AMREF INTERNATIONAL UNIVERSITY (AMIU) LIBRARY | AMREF INTERNATIONAL UNIVERSITY (AMIU) LIBRARY | General Stacks | 14/11/2025 | Purchase | RC488 .Y3 2020 | 40583 | 14/11/2025 | 14/11/2025 | Book | |||||
| Library of Congress Classification | Non-fiction | AMREF INTERNATIONAL UNIVERSITY (AMIU) LIBRARY | AMREF INTERNATIONAL UNIVERSITY (AMIU) LIBRARY | General Stacks | 14/11/2025 | Purchase | RC488 .Y3 2020 | 40584 | 14/11/2025 | 14/11/2025 | Book |